Роль крупного вертикального интегрированного бизнеса в подъеме национальной экономики России; Экономика России: проблемы и перспектива её реформирования

Detalles Bibliográficos
Parent link:Экономика России: проблемы и перспектива её реформирования.— 2003.— С. 34-40
Autor principal: Антонова З. Г. Зоя Георгиевна
Sumario:В фонде НТБ ТПУ отсутствует
Lenguaje:ruso
Publicado: 2003
Materias:
Formato: MixedMaterials Capítulo de libro
KOHA link:https://koha.lib.tpu.ru/cgi-bin/koha/opac-detail.pl?biblionumber=598150

MARC

LEADER 00000naa0a2200000 4500
001 598150
005 20250227163619.0
035 |a (RuTPU)RU\TPU\tpu\21699 
090 |a 598150 
100 |a 20120903d2003 k y0rusy50 ca 
101 0 |a rus 
102 |a RU 
200 1 |a Роль крупного вертикального интегрированного бизнеса в подъеме национальной экономики России  |f З. Г. Антонова 
320 |a Библиогр.: 2 назв. 
333 |a В фонде НТБ ТПУ отсутствует 
463 |t Экономика России: проблемы и перспектива её реформирования  |o материалы Международной научно-практической конференции, Томск, 25 апреля 2003 г.  |v С. 34-40  |d 2003 
610 1 |a труды учёных ТПУ 
700 1 |a Антонова  |b З. Г.  |c специалист в области экономики  |c доцент Томского политехнического университета, кандидат экономических наук  |f 1947-  |g Зоя Георгиевна  |3 (RuTPU)RU\TPU\pers\25988 
801 1 |a RU  |b 63413507  |c 20120903 
942 |c BK